| 000 | 00697nam a2200205Ia 4500 | ||
|---|---|---|---|
| 003 | GCL | ||
| 008 | 140319s9999 xx 000 0 ara d | ||
| 040 |
_aGCL / _cGCL |
||
| 082 | 0 | 4 |
_a810.9 _bف ب |
| 100 | 1 | _aفدوى مالطى - دوجلاس | |
| 245 | 1 | 0 |
_aبناء النص التراثى: دراسات فى الادب والتراجم / _cفدوى مالطى - دوجلاس |
| 260 |
_a[S.N] : _bالهيئة المصرية العامة للكتاب ، _c1985 |
||
| 300 | _a222 ص | ||
| 490 |
_aدراسات ادبية _v0 |
||
| 650 | 0 | 4 | _aالادب العربى |
| 650 | 0 | 4 | _aالتراجم |
| 650 | 0 | 4 | _aالادباء العرب |
| 650 | 0 | 4 | _aتاريخ ونقد |
| 942 |
_2ddc _cBK |
||
| 999 |
_c28850 _d28850 |
||